banner koha

Flora of Espírito Santo: Prepusa and Senaea (Helieae, Gentianaceae) (Registro n. 338640)

MARC details
000 -LÍDER
fixed length control field 02260nab a2200265 i 4500
003 - CÓDIGO MARC DA AGÊNCIA CATALOGADORA
Campo de controle BR-BrBNA
005 - DATA E HORA DA ÚLTIMA ATUALIZAÇÃO
Campo de controle 20251010190312.0
008 - CAMPO DE TAMANHO FIXO
fixed length control field 251010b2022 bl.ar|pooa||| 00| 0 eng |
040 ## - FONTE DA CATALOGAÇÃO
Agência catalogadora BR-BrBNA
Idioma da catalogação eng
072 ## - CATEGORIA AGRIS
Código AGRIS F70
100 ## - ENTRADA PRINCIPAL - NOME PESSOAL
Nome pessoal Fraga, Claudio Nicoletti de
100 ## - ENTRADA PRINCIPAL - NOME PESSOAL
Nome pessoal Fernandez, Eduardo Pinheiro
100 ## - ENTRADA PRINCIPAL - NOME PESSOAL
Nome pessoal Fontana, André Paviotti
245 ## - TÍTULO PRINCIPAL
Título principal Flora of Espírito Santo: Prepusa and Senaea (Helieae, Gentianaceae)
500 ## - NOTA GERAL
Nota geral Publicação on-line; 18 ref.; 5 illus.; Summaries (En, Pt)
942 ## - ADDED ENTRY ELEMENTS (KOHA)
Koha item type Analítica
520 ## - NOTA DE RESUMO
Nota de conteúdo <br/><br/>Abstract<br/><br/>The Flora of Espírito Santo presents three species of Helieae (Gentianaceae), circumscribed in the genera<br/>Prepusa, with two species, and Senaea with only one species. These poorly known species are described<br/>and illustrated here, and had their diagnostic characters and their similarities with other species discussed.<br/>In addition, this paper provides an emended key for species and geographic distribution maps of all species<br/>of Prepusa and Senaea from Flora of Espírito Santo, with additional comments on their conservation status.<br/><br/>Key words: Brazil, endemism, Prepusa, Senaea, taxonomy.<br/><br/><br/><br/><br/>Resumo<br/><br/>A Flora do Espírito Santo possui três espécies da Tribo Helieae (Gentianaceae), circunscritas nos gêneros<br/>Prepusa, com duas espécies, e Senaea, com apenas uma espécie. Essas espécies pouco conhecidas são aqui<br/>descritas e ilustradas, e tiveram discutidos seus caracteres diagnósticos e suas semelhanças com outras espécies.<br/>Além disso, este artigo fornece uma chave de identificação para as espécies e mapas de distribuição geográfica<br/>de todas as espécies de Prepusa e Senaea da Flora do Espírito Santo, bem como comentários adicionais sobre <br/>seus status de conservação.<br/><br/>Palavras-chave: Brasil, endemismo, Prepusa, Senaea, taxonomia.
650 ## - ASSUNTO - THESAGRO
Cabeçalho tópico ou nome geográfico BRASIL
650 ## - ASSUNTO - THESAGRO
Cabeçalho tópico ou nome geográfico TAXONOMIA
650 ## - ASSUNTO - THESAGRO
Cabeçalho tópico ou nome geográfico GENTIANACEAE
650 ## - ASSUNTO - THESAGRO
Cabeçalho tópico ou nome geográfico ESPÍRITO SANTO
773 0# - ENTRADA ANALÍTICA
Host Biblionumber 709
Registro do item 357916
Imprenta Rio de Janeiro-RJ Jardim Botanico do Rio de Janeiro 1935
Outro identificador 2025-5881
Título Rodriguésia (Brazil)
ISSN 0370-6583; 2175-7860 on-line
Colação v. 73 p. 1-12; (2022)
Número de controle de registro BR2025004387
856 ## - ACESSO E ENDEREÇO ELETRÔNICO
Identificador uniforme de recurso - URI https://www.scielo.br/j/rod/a/DdjKDhVdDSDHQFPtx9xRtjC/?format=pdf&lang=en

Nenhum exemplar disponível.

BINAGRI

Telefone: (61)3218-2567/2388/3357/2097 - binagri@agro.gov.br

Ministério da Agricultura e Pecuária , Esplanada dos Ministérios, Bloco D, Anexo B, Brasília/DF, CEP: 70.043-900